La literatura comparada

Сохранить в:
Библиографические подробности
Главный автор: Pichois, Claude y Rousseau, André
Формат:
Язык:Undetermined
Опубликовано: Madrid, España Gredos 1969
Предметы:
Метки: Добавить метку
Нет меток, Требуется 1-ая метка записи!

MARC

LEADER 00000nam a2200000Ia 4500
008 170316s9999 xx 000 0 und d
090 |a 801 P-22.1L 
100 |a Pichois, Claude y Rousseau, André 
245 |a La literatura comparada 
260 |a Madrid, España 
260 |b Gredos 
260 |c 1969 
300 |a 245 páginas 
650 |a TEORÍA LITERARIA 
999 |c 19989  |d 19989 
040 |a cru BVZT 
942 |c 15 D  |h 801 P-22.1L  |2 z